Los rigores del plan primavera (Registro nro. 18083)

Detalles MARC
000 -LEADER
fixed length control field 00350 a2200121 4500
001 - CONTROL NUMBER
control field ART_12854
005 - DATE AND TIME OF LATEST TRANSACTION
control field 20260410161733.0
008 - FIXED-LENGTH DATA ELEMENTS--GENERAL INFORMATION
fixed length control field 260409a
100 1# - MAIN ENTRY--PERSONAL NAME
Personal name Expósito, David
245 10 - TITLE STATEMENT
Title Los rigores del plan primavera
700 1# - ADDED ENTRY--PERSONAL NAME
Personal name Szewach, Enrique
773 0# - HOST ITEM ENTRY
Title Ejecutivos de finanzas
Related parts - Año 7, Nº 53 (mar. 1989)
Record control number REV2863

No hay ítems disponibles.